Wrestlers By Picture 37: 2010's Tag Teams - Statistics

General Stats
  • This quiz has been taken 61 times
  • The average score is 11 of 16
Answer Stats
Picture Answer % Correct
The New Day
98%
The Shield
96%
The Usos
96%
The Hardy Boyz
94%
The Bludgeon Brothers
85%
Team Hell No
75%
Motor City Machine Guns
66%
The Bar
66%
The Good Brothers
62%
The Young Bucks
60%
The Briscoe Brothers
58%
The Ascension
55%
Los Matadores
49%
The Prime Time Players
45%
ReDRagon
43%
The B-Team
40%
No matching quizzes found
Score Distribution
Percent of People with Each Score
Percentile by Number Answered
Your Score History
You have not taken this quiz